| 000 | 00665nam a2200181Ia 4500 | ||
|---|---|---|---|
| 008 | 100920s9999 xx 000 0 und d | ||
| 082 |
_b105403 _a891.43 न 07 |
||
| 100 | _aभाटीया सुदर्शन. | ||
| 245 | _aनारी कर्तव्य एवं अधिकार. | ||
| 260 |
_bबैटर बुक्स ,पंचकुला. _c2007 |
||
| 300 |
_a179 _bसाधी |
||
| 365 | _b295 | ||
| 520 | _aहिंदी. | ||
| 630 | _aनारी कर्तव्य एवं अधिकार. | ||
| 650 | _aहिंदी. | ||
| 730 | _aनारी कर्तव्य एवं अधिकार. | ||
| 942 | _cBOOK | ||
| 999 |
_c745834 _d745831 |
||